[Event "DEM U12/U12w 2013"]
[Site "Oberhof GER"]
[Date "2013.05.23"]
[Round "8"]
[White "Recktenwald, Cedric"]
[Black "Forster, Lukas"]
[Result "1/2-1/2"]
[Termination "normal"]
[Board "34"]
[WhiteElo "1042"]
[BlackElo "1494"]
[PlyCount "53"]
[WhiteFideId "12971928"]
[BlackFideId "12971790"]
[EventCountry "GER"]
[EventRounds "11"]
[EventType "swiss"]
[EventDate "2013.05.18"]

1. e4 e6 2. d4 d5 3. e5 c5 4. c3 Nc6 5. Nf3 Nge7 6. Na3 a6 7. Be2 Nf5 8. Nc2
Be7 9. O-O O-O 10. Ne3 cxd4 11. Nxf5 exf5 12. cxd4 Be6 13. Bf4 Qb6 14. Rb1 Rac8
15. a3 Na5 16. b4 Nc4 17. Bxc4 Rxc4 18. Qd3 Rfc8 19. Rfc1 Qb5 20. Qb3 Qc6 21.
Qb2 b5 22. Ne1 g5 23. Bd2 Qb6 24. Bc3 Qc6 25. Bd2 f4 26. g3 Qb6 27. Nc2 1/2-1/2

[Event "DEM U12/U12w 2013"]
[Site "Oberhof GER"]
[Date "2013.05.23"]
[Round "8"]
[White "Groth, Kevin"]
[Black "Walow, Xenia"]
[Result "1-0"]
[Termination "normal"]
[Board "35"]
[WhiteElo "1399"]
[BlackElo "1271"]
[PlyCount "89"]
[WhiteFideId "12971804"]
[BlackFideId "12971839"]
[EventCountry "GER"]
[EventRounds "11"]
[EventType "swiss"]
[EventDate "2013.05.18"]

1. e4 c5 2. Nf3 d6 3. b3 Nc6 4. Bb2 a6 5. Nc3 Nf6 6. Be2 e6 7. d3 g6 8. Qd2 Bg7
9. O-O O-O 10. Rfd1 b5 11. Rab1 Nd4 12. a3 Nxf3+ 13. Bxf3 e5 14. Ne2 Rb8 15. b4
Qc7 16. Rbc1 Bg4 17. Bxg4 Nxg4 18. h3 Bh6 19. f4 Nf6 20. Rf1 Rfe8 21. Qc3 Rbc8
22. Ra1 Bg7 23. g4 exf4 24. Nxf4 Qa7 25. bxc5 Qxc5+ 26. Qxc5 Rxc5 27. c3 Rc7
28. g5 Nh5 29. Nd5 Rc6 30. Kg2 Kf8 31. Rf3 Rd8 32. a4 bxa4 33. Rxa4 Ra8 34. Rb4
Kg8 35. Ne7+ Kh8 36. Nxc6 Rf8 37. Rb7 Kg8 38. d4 f6 39. h4 fxg5 40. Rxf8+ Bxf8
41. hxg5 Nf4+ 42. Kf1 Ne6 43. e5 Nxg5 44. Rb8 dxe5 45. Ba3 1-0

[Event "DEM U12/U12w 2013"]
[Site "Oberhof GER"]
[Date "2013.05.23"]
[Round "8"]
[White "Poetsch, Leonore"]
[Black "Flach, Helene"]
[Result "1-0"]
[Termination "normal"]
[Board "36"]
[WhiteElo "1468"]
[BlackElo "1272"]
[PlyCount "63"]
[WhiteFideId "12940372"]
[BlackFideId "12929735"]
[EventCountry "GER"]
[EventRounds "11"]
[EventType "swiss"]
[EventDate "2013.05.18"]

1. e4 e5 2. Nf3 Nc6 3. Bc4 Bc5 4. c3 Nf6 5. d4 exd4 6. e5 d5 7. Bb5 Nd7 8. cxd4
Bb4+ 9. Bd2 Bxd2+ 10. Nbxd2 O-O 11. Rc1 Ne7 12. Qc2 c6 13. Bd3 Ng6 14. h4 h5
15. Bxg6 fxg6 16. Qxg6 Qe8 17. Qxe8 Rxe8 18. O-O c5 19. dxc5 Nxe5 20. Rfe1
Nxf3+ 21. Nxf3 Bd7 22. Nd4 Bc6 23. Ne6 Re7 24. Nf4 Rxe1+ 25. Rxe1 Kf7 26. g3 g6
27. Re6 d4 28. Rd6 Re8 29. Nd3 Re4 30. f3 Re3 31. Rxd4 Rxf3 32. Ne5+ 1-0

[Event "DEM U12/U12w 2013"]
[Site "Oberhof GER"]
[Date "2013.05.23"]
[Round "8"]
[White "Schulz, Theresa Charlotte"]
[Black "Ehmann, Johanna"]
[Result "0-1"]
[Termination "normal"]
[Board "37"]
[WhiteElo "1306"]
[BlackElo "1350"]
[PlyCount "62"]
[WhiteFideId "12952206"]
[BlackFideId "12953130"]
[EventCountry "GER"]
[EventRounds "11"]
[EventType "swiss"]
[EventDate "2013.05.18"]

1. e4 e5 2. Nf3 Nc6 3. Bc4 Bc5 4. d4 exd4 5. Ng5 Nh6 6. Qh5 Qf6 7. O-O Qg6 8.
Ne6 fxe6 9. Qxc5 d6 10. Qa3 O-O 11. Qh3 Rf7 12. Re1 Bd7 13. f4 Kh8 14. Bd3 Qg4
15. Qxg4 Nxg4 16. h3 Nh6 17. g4 Rff8 18. g5 Nf7 19. h4 h5 20. gxh6 gxh6 21. b3
Rg8+ 22. Kh2 Rg7 23. Bb2 Rag8 24. Re2 Rg4 25. Re3 Rxh4+ 26. Rh3 Rxf4 27. Na3 e5
28. Bc4 Bxh3 29. Kxh3 Ng5+ 30. Kg3 Nxe4+ 31. Kh3 Nf2+ 0-1

[Event "DEM U12/U12w 2013"]
[Site "Oberhof GER"]
[Date "2013.05.23"]
[Round "8"]
[White "Lohrmann, Tabea"]
[Black "Wong, Kar Yan"]
[Result "1/2-1/2"]
[Termination "normal"]
[Board "38"]
[WhiteElo "1553"]
[BlackElo "1189"]
[PlyCount "40"]
[WhiteFideId "12911941"]
[BlackFideId "12971855"]
[EventCountry "GER"]
[EventRounds "11"]
[EventType "swiss"]
[EventDate "2013.05.18"]

1. e4 e6 2. d4 d5 3. exd5 exd5 4. c4 Nf6 5. Nc3 Be7 6. Nf3 Bg4 7. cxd5 Nxd5 8.
Bd3 O-O 9. O-O Nc6 10. Be4 Nf6 11. Qd3 Bxf3 12. Bxf3 Nxd4 13. Bxb7 Rb8 14. Be4
Nxe4 15. Nxe4 Re8 16. Bd2 f5 17. Ng3 Bh4 18. Kh1 Bxg3 19. hxg3 Qd5 20. Bc3 c5
1/2-1/2

[Event "DEM U12/U12w 2013"]
[Site "Oberhof GER"]
[Date "2013.05.23"]
[Round "8"]
[White "Reitz, Theresa"]
[Black "Wurst, Maximilian"]
[Result "0-1"]
[Termination "normal"]
[Board "39"]
[WhiteElo "1113"]
[BlackElo "1332"]
[PlyCount "90"]
[WhiteFideId "12971901"]
[BlackFideId "12971812"]
[EventCountry "GER"]
[EventRounds "11"]
[EventType "swiss"]
[EventDate "2013.05.18"]

1. e4 e5 2. Nf3 Nc6 3. Bb5 a6 4. Ba4 b5 5. Bb3 Bc5 6. O-O Bb7 7. c3 Nf6 8. d3
O-O 9. Be3 Be7 10. Nbd2 d6 11. Re1 Nd7 12. Nf1 Kh8 13. Ng3 Nf6 14. Nd2 d5 15.
Qf3 Bc8 16. h3 d4 17. cxd4 Nxd4 18. Qd1 Bc5 19. Rc1 Nxb3 20. Nxb3 Bd6 21. Qd2
Be6 22. Rc3 Bb4 23. Rec1 Nd7 24. R1c2 Bxc3 25. Rxc3 f6 26. Qc2 Rc8 27. a3 Bxb3
28. Qxb3 Re8 29. Qc2 Re6 30. f4 exf4 31. Bxf4 c5 32. Be3 Qc7 33. Ne2 f5 34. b4
fxe4 35. dxe4 Qe5 36. bxc5 Qxe4 37. Qxe4 Rxe4 38. Kf2 Rc4 39. Rxc4 bxc4 40. Ke1
Nxc5 41. Kd1 Na4 42. Kc2 Rb8 43. Bc1 Rf8 44. Be3 Re8 45. Kd2 c3+ 0-1

[Event "DEM U12/U12w 2013"]
[Site "Oberhof GER"]
[Date "2013.05.23"]
[Round "8"]
[White "Nguyen, Ha Thanh"]
[Black "Schumacher, Ole"]
[Result "1-0"]
[Termination "normal"]
[Board "40"]
[WhiteElo "1570"]
[BlackElo "1120"]
[PlyCount "59"]
[WhiteFideId "12942154"]
[BlackFideId "12971898"]
[EventCountry "GER"]
[EventRounds "11"]
[EventType "swiss"]
[EventDate "2013.05.18"]

1. d4 d5 2. e3 Nf6 3. Bd3 Bg4 4. f3 Bd7 5. c3 e6 6. Nd2 c5 7. f4 c4 8. Bc2 Nc6
9. Ngf3 Be7 10. O-O O-O 11. Ne5 Nxe5 12. fxe5 Ne8 13. Qh5 h6 14. Rf3 Bg5 15.
Rg3 g6 16. Qe2 Ng7 17. e4 Nh5 18. Rf3 f5 19. exf6 Nf4 20. Qf1 Rxf6 21. e5 Rf8
22. b3 cxb3 23. axb3 Kg7 24. Rf2 Nh5 25. Qd3 Be8 26. Rxf8 Kxf8 27. Ba3+ Be7 28.
Rf1+ Kg7 29. Bc1 g5 30. Qh7# 1-0

[Event "DEM U12/U12w 2013"]
[Site "Oberhof GER"]
[Date "2013.05.23"]
[Round "8"]
[White "Voß, Henrike"]
[Black "Lellek, Lewin Louis"]
[Result "1/2-1/2"]
[Termination "normal"]
[Board "41"]
[WhiteElo "1063"]
[BlackElo "1276"]
[PlyCount "64"]
[WhiteFideId "12971910"]
[BlackFideId "12971820"]
[EventCountry "GER"]
[EventRounds "11"]
[EventType "swiss"]
[EventDate "2013.05.18"]

1. e4 c5 2. d4 cxd4 3. c3 d3 4. Bxd3 Nc6 5. Bf4 g6 6. Nf3 Bg7 7. O-O d6 8. Nbd2
Nf6 9. Nb3 O-O 10. Qd2 d5 11. e5 Ne4 12. Qe3 f5 13. exf6 Nxf6 14. h3 d4 15.
Bc4+ Kh8 16. cxd4 Nd5 17. Bxd5 Qxd5 18. Bh6 Bxh3 19. Bxg7+ Kxg7 20. Rfc1 Bg4
21. Rc5 Qf7 22. Ne5 Nxe5 23. Qxe5+ Kg8 24. Qe3 Rac8 25. Rac1 Rxc5 26. Rxc5 h5
27. Rc7 Be6 28. Rxb7 h4 29. Rxa7 h3 30. gxh3 Bxh3 31. Rxe7 Qd5 32. Qg3 Qf5
1/2-1/2

[Event "DEM U12/U12w 2013"]
[Site "Oberhof GER"]
[Date "2013.05.23"]
[Round "8"]
[White "Böse, Carolin"]
[Black "Watzlawik, Lee David"]
[Result "1/2-1/2"]
[Termination "normal"]
[Board "42"]
[WhiteElo "1263"]
[BlackElo "1170"]
[PlyCount "62"]
[WhiteFideId "12929646"]
[BlackFideId "1270474"]
[EventCountry "GER"]
[EventRounds "11"]
[EventType "swiss"]
[EventDate "2013.05.18"]

1. e4 e6 2. d4 d5 3. Nc3 Bb4 4. Nge2 Ne7 5. Bf4 dxe4 6. a3 Bxc3+ 7. Nxc3 Nf5 8.
d5 exd5 9. Nxd5 Nd6 10. Qd4 O-O 11. O-O-O Nc6 12. Qc3 Re8 13. Bh6 gxh6 14. Nf6+
Kf8 15. Nxh7+ Ke7 16. Qf6+ Kd7 17. Qxf7+ Qe7 18. Qg6 Qe6 19. Qg7+ Qe7 20. Qxh6
Kd8 21. Nf6 Rf8 22. Nxe4 Qxe4 23. Qxf8+ Qe8 24. Qf6+ Qe7 25. Qg6 Qe8 26. Bd3
Qxg6 27. Bxg6 Be6 28. h4 Ke7 29. h5 Rg8 30. f3 Ne5 31. Bd3 Rxg2 1/2-1/2

[Event "DEM U12/U12w 2013"]
[Site "Oberhof GER"]
[Date "2013.05.23"]
[Round "8"]
[White "Schmidt, Sarah"]
[Black "Bureik, Nicolas"]
[Result "1/2-1/2"]
[Termination "normal"]
[Board "43"]
[WhiteElo "1194"]
[BlackElo "1183"]
[PlyCount "45"]
[WhiteFideId "12965480"]
[BlackFideId "12971863"]
[EventCountry "GER"]
[EventRounds "11"]
[EventType "swiss"]
[EventDate "2013.05.18"]

1. e4 d5 2. exd5 Qxd5 3. Nc3 Qd6 4. d4 Nf6 5. Bc4 a6 6. Nge2 b5 7. Bd3 Bb7 8.
Bf4 Qb6 9. O-O e6 10. Qd2 Bd6 11. Rfe1 Qc6 12. f3 O-O 13. Rad1 Qb6 14. Qe3 Bxf4
15. Nxf4 Nbd7 16. Ne4 Rac8 17. c3 Rfe8 18. b3 Nxe4 19. fxe4 Nf6 20. Bc2 c5 21.
dxc5 Qxc5 22. Qxc5 Rxc5 23. Re3 1/2-1/2

[Event "DEM U12/U12w 2013"]
[Site "Oberhof GER"]
[Date "2013.05.23"]
[Round "8"]
[White "Bürmann, Theresia"]
[Black "Reif, Karla"]
[Result "1/2-1/2"]
[Termination "normal"]
[Board "44"]
[WhiteElo "1187"]
[BlackElo "1165"]
[PlyCount "51"]
[WhiteFideId "12960241"]
[BlackFideId "12971871"]
[EventCountry "GER"]
[EventRounds "11"]
[EventType "swiss"]
[EventDate "2013.05.18"]

1. e4 e5 2. Nf3 Nc6 3. Bc4 Bc5 4. O-O d6 5. c3 Nf6 6. d3 O-O 7. h3 a6 8. Bb3
Be6 9. Nbd2 Bxb3 10. axb3 Ba7 11. Re1 Nh5 12. Nf1 Qf6 13. Be3 Bxe3 14. Nxe3 Nf4
15. Nf1 Qg6 16. Ng3 Ne7 17. Re3 f5 18. Ne1 fxe4 19. dxe4 Rad8 20. b4 d5 21. Qb3
Rf7 22. exd5 Rxd5 23. Rd1 Rxd1 24. Qxd1 Qf6 25. Rf3 Neg6 26. Qc2 1/2-1/2

[Event "DEM U12/U12w 2013"]
[Site "Oberhof GER"]
[Date "2013.05.23"]
[Round "8"]
[White "Christiansen, Sarah"]
[Black "Schubert, Lea Sophie"]
[Result "1/2-1/2"]
[Termination "normal"]
[Board "45"]
[WhiteElo "1014"]
[BlackElo "816"]
[PlyCount "56"]
[WhiteFideId "12971936"]
[EventCountry "GER"]
[EventRounds "11"]
[EventType "swiss"]
[EventDate "2013.05.18"]

1. e4 e5 2. Nf3 Nc6 3. Bc4 Bc5 4. c3 Nf6 5. d4 exd4 6. e5 d5 7. Bb5 Ne4 8. cxd4
Bb4+ 9. Bd2 Bxd2+ 10. Nbxd2 O-O 11. Bxc6 bxc6 12. Rc1 Bd7 13. O-O f6 14. e6
Bxe6 15. Rxc6 Qd7 16. Rc2 Rfe8 17. Re1 Nxd2 18. Rxd2 Bg4 19. Rxe8+ Rxe8 20. h3
Bxf3 21. Qxf3 Re1+ 22. Kh2 Qd6+ 23. g3 c6 24. Re2 Rxe2 25. Qxe2 Kf8 26. Qg4 g6
27. Qc8+ Ke7 28. Qb7+ Qd7 1/2-1/2

[Event "DEM U12/U12w 2013"]
[Site "Oberhof GER"]
[Date "2013.05.23"]
[Round "8"]
[White "Weiten, Teresa"]
[Black "Grey, Andrea"]
[Result "0-1"]
[Termination "normal"]
[Board "46"]
[WhiteElo "995"]
[BlackElo "1157"]
[PlyCount "86"]
[WhiteFideId "12971944"]
[BlackFideId "12971880"]
[EventCountry "GER"]
[EventRounds "11"]
[EventType "swiss"]
[EventDate "2013.05.18"]

1. e4 c5 2. d4 cxd4 3. c3 dxc3 4. Nxc3 Nc6 5. Nf3 g6 6. Bc4 Bg7 7. e5 Nxe5 8.
Nxe5 Bxe5 9. Bxf7+ Kxf7 10. Qd5+ Ke8 11. Qxe5 Nf6 12. Bg5 d6 13. Qe3 Kf7 14.
O-O Bd7 15. Qf4 Bc6 16. Qc4+ d5 17. Qc5 Qd7 18. Rad1 Rhd8 19. Bxf6 exf6 20. Qd4
Qf5 21. Rd3 Qe5 22. Qh4 Kg7 23. Rh3 Rh8 24. f3 Qe3+ 25. Rf2 Qg5 26. Qb4 Rae8
27. Ne2 Re6 28. Nf4 Re5 29. Rc2 Rhe8 30. Rxc6 bxc6 31. Qb7+ R8e7 32. Qb4 c5 33.
Qd2 d4 34. b4 cxb4 35. Qxd4 a5 36. Rg3 Qf5 37. Nd3 Rd5 38. Qf4 Qxd3 39. Qc1
Rde5 40. Kf2 Qe2+ 41. Kg1 Qe1+ 42. Qxe1 Rxe1+ 43. Kf2 R7e2# 0-1

[Event "DEM U12/U12w 2013"]
[Site "Oberhof GER"]
[Date "2013.05.23"]
[Round "8"]
[White "Duan, Muxi"]
[Black "Schulze, Nick"]
[Result "1/2-1/2"]
[Termination "normal"]
[Board "47"]
[WhiteElo "929"]
[BlackElo "1257"]
[PlyCount "48"]
[WhiteFideId "12971960"]
[BlackFideId "12971847"]
[EventCountry "GER"]
[EventRounds "11"]
[EventType "swiss"]
[EventDate "2013.05.18"]

1. e4 c5 2. Nc3 e6 3. f4 Nc6 4. Nf3 d6 5. Bb5 Bd7 6. O-O a6 7. Bxc6 Bxc6 8. d3
Be7 9. Be3 Qc7 10. e5 d5 11. d4 cxd4 12. Bxd4 O-O-O 13. Ng5 Bxg5 14. fxg5 h6
15. gxh6 Nxh6 16. Qd3 Ng4 17. h3 Nxe5 18. Bxe5 Qxe5 19. Rxf7 d4 20. Qe2 Qd6 21.
Rd1 g5 22. Ne4 Qd5 23. Ng3 Rhg8 24. c4 Qd6 1/2-1/2

[Event "DEM U12/U12w 2013"]
[Site "Oberhof GER"]
[Date "2013.05.23"]
[Round "8"]
[White "Merker, Vivien"]
[Black "Hofmann, Jana"]
[Result "1-0"]
[Termination "normal"]
[Board "48"]
[WhiteElo "1255"]
[BlackElo "970"]
[PlyCount "81"]
[WhiteFideId "12927260"]
[BlackFideId "12971952"]
[EventCountry "GER"]
[EventRounds "11"]
[EventType "swiss"]
[EventDate "2013.05.18"]

1. e4 e5 2. Nf3 Nc6 3. d4 exd4 4. Nxd4 Bc5 5. Nb3 Bb6 6. Nc3 Qf6 7. Qe2 Nd4 8.
Nxd4 Bxd4 9. Nd5 Qg6 10. Nxc7+ Kd8 11. Nxa8 Qf6 12. Qf3 Qe6 13. Bd3 b6 14. O-O
Bb7 15. Nxb6 axb6 16. c3 Be5 17. Qf5 Qe7 18. Rd1 g6 19. Qh3 Bc8 20. Be3 Nf6 21.
Bxb6+ Bc7 22. Bxc7+ Kxc7 23. Qg3+ d6 24. e5 dxe5 25. Re1 Re8 26. a4 Qd6 27. a5
Nd7 28. a6 Nb6 29. a7 Qd5 30. Be4 Qd7 31. a8=Q Nxa8 32. Ra7+ Bb7 33. Rxb7+ Kc8
34. Rxd7 Kxd7 35. Bxa8 Rxa8 36. Rd1+ Kc8 37. Qxe5 Kb7 38. Rd7+ Kb6 39. Rd6+ Kb7
40. Qe7+ Kb8 41. Rd8# 1-0

[Event "DEM U12/U12w 2013"]
[Site "Oberhof GER"]
[Date "2013.05.24"]
[Round "9"]
[White "Martin, Julian"]
[Black "Schneider, Jana"]
[Result "1-0"]
[Termination "normal"]
[Board "1"]
[WhiteElo "1847"]
[BlackElo "1644"]
[PlyCount "133"]
[WhiteFideId "12941000"]
[BlackFideId "12924997"]
[EventCountry "GER"]
[EventRounds "11"]
[EventType "swiss"]
[EventDate "2013.05.18"]

1. e4 e5 2. Nf3 Nc6 3. d4 exd4 4. Bc4 Nf6 5. e5 d5 6. Bb5 Ne4 7. Nxd4 Bd7 8.
Bxc6 bxc6 9. O-O Be7 10. f3 Nc5 11. Be3 O-O 12. f4 Ne4 13. Nd2 Nxd2 14. Qxd2 c5
15. Nb3 d4 16. Bf2 Bf5 17. c3 dxc3 18. Qxc3 c4 19. Rfd1 Qb8 20. Qxc4 Be6 21.
Qc2 Qb7 22. Nd4 Bd5 23. Nf5 Bb4 24. Ne3 Be4 25. Qc4 Rad8 26. Bh4 Rd2 27. Rxd2
Bxd2 28. Nf1 Bd5 29. Qa4 Bc6 30. Qc4 Bd5 31. Qa4 Bc6 32. Qd4 Ba5 33. Bf2 Bxg2
34. Qxa7 Ra8 35. Qxb7 Bxb7 36. a3 Bf3 37. Bc5 Rd8 38. Kf2 Bc6 39. Rc1 Bb5 40.
a4 Be8 41. b4 Bb6 42. a5 Bxc5+ 43. Rxc5 c6 44. a6 Ra8 45. Ra5 Ra7 46. Nd2 Bd7
47. Nb3 Be6 48. Nd4 Bc4 49. b5 Bxb5 50. Nxb5 cxb5 51. Rxb5 h5 52. Ra5 Kf8 53.
Ke3 Ke7 54. Kd4 Kd7 55. Kc5 Kc7 56. Ra2 Ra8 57. a7 Kb7 58. Kb5 g6 59. h4 Rxa7
60. Rxa7+ Kxa7 61. Kc6 Ka6 62. Kd6 Kb5 63. Ke7 Kc5 64. Kxf7 Kd4 65. Kxg6 Ke4
66. e6 Kxf4 67. Kxh5 1-0

[Event "DEM U12/U12w 2013"]
[Site "Oberhof GER"]
[Date "2013.05.24"]
[Round "9"]
[White "Poghosyan, Tigran"]
[Black "Reuker, Jari"]
[Result "1/2-1/2"]
[Termination "normal"]
[Board "2"]
[WhiteElo "1945"]
[BlackElo "1802"]
[PlyCount "102"]
[WhiteFideId "12909319"]
[BlackFideId "12909300"]
[EventCountry "GER"]
[EventRounds "11"]
[EventType "swiss"]
[EventDate "2013.05.18"]

1. d4 Nf6 2. Nf3 e6 3. e3 c5 4. Bd3 Nc6 5. b3 d5 6. O-O Be7 7. Bb2 O-O 8. Nbd2
Re8 9. Ne5 Qb6 10. c3 h6 11. f4 Nd7 12. Qh5 Rf8 13. Rf3 Nf6 14. Qh3 cxd4 15.
exd4 Qa5 16. b4 Qb6 17. Rg3 Kh8 18. Rf1 Bd6 19. Kh1 Ne7 20. Rff3 Nf5 21. Bxf5
exf5 22. Qh4 Be7 23. Rxg7 Kxg7 24. Rg3+ Kh7 25. Ndf3 Ne4 26. Qxe7 Nxg3+ 27.
hxg3 Qd8 28. Qxd8 Rxd8 29. Nxf7 Rg8 30. Kh2 Be6 31. N7e5 Rg7 32. Nh4 h5 33. g4
hxg4 34. g3 a5 35. b5 a4 36. Ba3 Ra5 37. Bb4 Rxb5 38. a3 Rb6 39. Nd3 Rc6 40.
Nc5 b5 41. Nd3 Rg8 42. Bc5 Rgc8 43. Kg2 Kg7 44. Kf2 Kf6 45. Ke3 Bf7 46. Kf2 Re6
47. Ne5 Be8 48. Ng2 Bc6 49. Nh4 Be8 50. Ng2 Bc6 51. Nh4 Be8 1/2-1/2

[Event "DEM U12/U12w 2013"]
[Site "Oberhof GER"]
[Date "2013.05.24"]
[Round "9"]
[White "Engel, Luis"]
[Black "Mätzkow, Maximilian Paul"]
[Result "0-1"]
[Termination "normal"]
[Board "3"]
[WhiteElo "1740"]
[BlackElo "1730"]
[PlyCount "94"]
[WhiteFideId "12961523"]
[BlackFideId "24679933"]
[EventCountry "GER"]
[EventRounds "11"]
[EventType "swiss"]
[EventDate "2013.05.18"]

1. e4 c5 2. Nf3 e6 3. b3 a6 4. Bb2 b5 5. d3 Bb7 6. Nbd2 Nf6 7. e5 Nd5 8. c4
bxc4 9. dxc4 Nc7 10. Bd3 Be7 11. O-O O-O 12. Qc2 h6 13. Ne4 Nc6 14. a3 Ne8 15.
Rad1 f5 16. exf6 Nxf6 17. Bxf6 gxf6 18. Qd2 Kg7 19. Qe3 f5 20. Nxc5 Bxc5 21.
Qxc5 Rc8 22. Qd6 Rf7 23. Ne5 Nxe5 24. Qxe5+ Kg8 25. b4 Qh4 26. f3 Rg7 27. c5
Rf8 28. Rf2 Kh7 29. Bf1 Rfg8 30. Qe2 Bc6 31. Kh1 Rg5 32. g3 Rxg3 33. Bg2 R3g5
34. h3 Qg3 35. Rd2 Rh5 36. Qf1 Rg7 37. Ra2 e5 38. Ra1 Bb5 39. Qg1 Bc6 40. Raf1
e4 41. fxe4 Qxa3 42. Rf3 Qxb4 43. Rxf5 Rxf5 44. Rxf5 Bxe4 45. Rf2 Qd4 46. Qf1
Bxg2+ 47. Rxg2 Qe4 0-1

[Event "DEM U12/U12w 2013"]
[Site "Oberhof GER"]
[Date "2013.05.24"]
[Round "9"]
[White "Renger, Niklas"]
[Black "Stein, Robert"]
[Result "0-1"]
[Termination "normal"]
[Board "4"]
[WhiteElo "1815"]
[BlackElo "1728"]
[PlyCount "64"]
[WhiteFideId "12908096"]
[BlackFideId "12921084"]
[EventCountry "GER"]
[EventRounds "11"]
[EventType "swiss"]
[EventDate "2013.05.18"]

1. e4 e5 2. Nf3 Nc6 3. d4 exd4 4. Bc4 Bc5 5. O-O d6 6. Bg5 Nge7 7. Bh4 O-O 8.
h3 Be6 9. Bxe6 fxe6 10. c3 dxc3 11. Nxc3 a6 12. Kh1 Qd7 13. Nh2 Ng6 14. Bg3 e5
15. Rc1 Rf7 16. Qd2 Raf8 17. f3 Nf4 18. Ng4 Qd8 19. Bf2 Bxf2 20. Nxf2 Qg5 21.
Nd3 Nxh3 22. Qxg5 Nxg5 23. Nd5 Ne6 24. Nf2 Nf4 25. Nc3 Rf6 26. Rfd1 Rh6+ 27.
Kg1 Rg6 28. Ng4 h5 29. Ne3 Nd4 30. Kf2 Nxg2 31. Nxg2 Rxf3+ 32. Kg1 Rfg3 0-1

[Event "DEM U12/U12w 2013"]
[Site "Oberhof GER"]
[Date "2013.05.24"]
[Round "9"]
[White "Buckels, Valentin"]
[Black "Simon, Tim"]
[Result "1-0"]
[Termination "normal"]
[Board "5"]
[WhiteElo "1994"]
[BlackElo "1640"]
[PlyCount "65"]
[WhiteFideId "12942766"]
[BlackFideId "12971740"]
[EventCountry "GER"]
[EventRounds "11"]
[EventType "swiss"]
[EventDate "2013.05.18"]

1. d4 Nf6 2. c4 g6 3. g3 Bg7 4. Bg2 O-O 5. Nf3 d6 6. O-O c6 7. Nc3 Bf5 8. Nh4
Be6 9. d5 cxd5 10. cxd5 Bd7 11. h3 Qb6 12. e4 Rc8 13. Qe2 Na6 14. Nf3 Nc5 15.
e5 Ne8 16. exd6 exd6 17. Be3 Qa5 18. Bd4 Nf6 19. Qe7 Qd8 20. Qxd6 Nce4 21. Nxe4
Nxe4 22. Qf4 Nc5 23. Bxg7 Kxg7 24. Ne5 Be8 25. Rfd1 Nd7 26. Nc4 Kg8 27. Nd6
Rcb8 28. Rac1 a6 29. Nxe8 Qxe8 30. d6 Rd8 31. Bxb7 Rab8 32. Bd5 Rxb2 33. Re1
1-0

[Event "DEM U12/U12w 2013"]
[Site "Oberhof GER"]
[Date "2013.05.24"]
[Round "9"]
[White "Gungl, Theo"]
[Black "Mönster, Madita"]
[Result "1-0"]
[Termination "normal"]
[Board "6"]
[WhiteElo "1916"]
[BlackElo "1503"]
[PlyCount "75"]
[WhiteFideId "24695653"]
[BlackFideId "12947156"]
[EventCountry "GER"]
[EventRounds "11"]
[EventType "swiss"]
[EventDate "2013.05.18"]

1. e4 d6 2. d4 Nf6 3. Nc3 c6 4. a4 Bg4 5. f3 Bh5 6. g4 Bg6 7. g5 Nfd7 8. f4 e6
9. Be3 Be7 10. h4 h5 11. Bd3 Qa5 12. Qf3 Na6 13. Nge2 Nb4 14. O-O Nxd3 15. cxd3
f6 16. f5 Bf7 17. g6 Bg8 18. Ng3 exf5 19. Nxf5 Bf8 20. Bf4 Qb4 21. d5 Ne5 22.
Bxe5 dxe5 23. Qg2 Qb6+ 24. Kh2 cxd5 25. exd5 a6 26. a5 Qc5 27. Qe4 Rb8 28. Ra4
Qc7 29. d4 Rd8 30. dxe5 fxe5 31. Re1 Bd6 32. Rc4 Qd7 33. Nxd6+ Qxd6 34. Qxe5+
Qxe5+ 35. Rxe5+ Kf8 36. Rf4+ Bf7 37. Rxf7+ Kg8 38. Ree7 1-0

[Event "DEM U12/U12w 2013"]
[Site "Oberhof GER"]
[Date "2013.05.24"]
[Round "9"]
[White "Savchenko, Daniel"]
[Black "Fieberg, Samuel"]
[Result "1-0"]
[Termination "normal"]
[Board "7"]
[WhiteElo "1763"]
[BlackElo "1900"]
[PlyCount "73"]
[WhiteFideId "12919195"]
[BlackFideId "12901717"]
[EventCountry "GER"]
[EventRounds "11"]
[EventType "swiss"]
[EventDate "2013.05.18"]

1. e4 c5 2. Nf3 d6 3. d4 cxd4 4. Nxd4 Nf6 5. Nc3 a6 6. Be2 e5 7. Nb3 Be7 8. f4
Nbd7 9. g4 O-O 10. g5 Ne8 11. h4 Nc7 12. f5 b5 13. Be3 Bb7 14. Na5 Qc8 15. Qd2
b4 16. Nd5 Nxd5 17. exd5 Bd8 18. Nc4 Bc7 19. O-O-O a5 20. f6 g6 21. h5 Qd8 22.
hxg6 fxg6 23. Bg4 Rf7 24. Be6 Nf8 25. Qh2 h5 26. gxh6 Qe8 27. h7+ Kh8 28. Bxf7
Qxf7 29. Bh6 Qxf6 30. Rdf1 Qe7 31. Qf2 Nxh7 32. Qg2 Qe6 33. Ne3 Bb6 34. Nf5
Bxd5 35. Bg7+ Kg8 36. Qh3 Ng5 37. Ne7+ 1-0

[Event "DEM U12/U12w 2013"]
[Site "Oberhof GER"]
[Date "2013.05.24"]
[Round "9"]
[White "Vuckovic, Zarko"]
[Black "Muckle, Julius"]
[Result "1-0"]
[Termination "normal"]
[Board "8"]
[WhiteElo "1722"]
[BlackElo "1804"]
[PlyCount "125"]
[WhiteFideId "12952087"]
[BlackFideId "12942430"]
[EventCountry "GER"]
[EventRounds "11"]
[EventType "swiss"]
[EventDate "2013.05.18"]

1. e4 e6 2. d4 d5 3. e5 c5 4. c3 Nc6 5. Nf3 Nge7 6. Bd3 Qb6 7. dxc5 Qc7 8. Qe2
Ng6 9. Bxg6 hxg6 10. b4 a5 11. Bd2 Bd7 12. O-O Be7 13. Na3 axb4 14. Nb5 Qa5 15.
cxb4 Nxb4 16. Nfd4 Bxc5 17. a3 O-O 18. Rab1 Bxd4 19. Nxd4 Qa7 20. Rxb4 Bc6 21.
Bc1 Rfc8 22. Bb2 Rc7 23. Rc1 Rac8 24. Qd2 Bd7 25. Rxc7 Rxc7 26. Rb3 Rc4 27. Bc3
Qa4 28. Qb2 b5 29. Nc2 Qa6 30. Rb4 Qc8 31. Rxc4 bxc4 32. Qb4 Qa8 33. Bd4 Ba4
34. Ne3 Be8 35. Nd1 Qa4 36. Qxa4 Bxa4 37. Nc3 Bc6 38. a4 Kf8 39. a5 Ke7 40. a6
Kd7 41. Kf1 f6 42. f4 Kc7 43. Ke2 Be8 44. Kd2 g5 45. fxg5 fxg5 46. Kc1 Bd7 47.
Kb2 Bc8 48. Nb5+ Kd7 49. a7 Bb7 50. Nd6 Ba8 51. g4 Kc6 52. Kc3 g6 53. Nf7 Kd7
54. Nxg5 Bc6 55. h4 Ke7 56. h5 gxh5 57. gxh5 Kf8 58. Nxe6+ Kg8 59. h6 Kh7 60.
Be3 Kg6 61. Nf8+ Kf7 62. h7 Kg7 63. Bd4 1-0

[Event "DEM U12/U12w 2013"]
[Site "Oberhof GER"]
[Date "2013.05.24"]
[Round "9"]
[White "Schmidek, Emil"]
[Black "Köhler, Inken"]
[Result "1-0"]
[Termination "normal"]
[Board "9"]
[WhiteElo "1957"]
[BlackElo "1527"]
[PlyCount "59"]
[WhiteFideId "12908150"]
[BlackFideId "12929301"]
[EventCountry "GER"]
[EventRounds "11"]
[EventType "swiss"]
[EventDate "2013.05.18"]

1. e4 e5 2. Nf3 Nc6 3. Bb5 Bc5 4. O-O Nf6 5. Re1 O-O 6. d3 d6 7. c3 a6 8. Ba4
b5 9. Bb3 h6 10. Nbd2 Bg4 11. Nf1 Ne7 12. Ng3 Nh7 13. h3 Be6 14. Nh4 Qd7 15. d4
exd4 16. cxd4 Bxb3 17. axb3 Bb6 18. Nhf5 Nxf5 19. Nxf5 Nf6 20. Qf3 Kh8 21. Qg3
Ne8 22. Qh4 Qe6 23. Nxh6 gxh6 24. Bxh6 Ng7 25. Re3 f6 26. Rg3 Kg8 27. Rxg7+ Kh8
28. Rg6 Rf7 29. Bg7+ Kg8 30. Qh8# 1-0